ဓမ္မပဒ / (Record no. 16647)

000 -LEADER
fixed length control field 00869nam a2200229Ia 4500
003 - CONTROL NUMBER IDENTIFIER
control field OSt
005 - DATE AND TIME OF LATEST TRANSACTION
control field 20260122193032.0
007 - PHYSICAL DESCRIPTION FIXED FIELD--GENERAL INFORMATION
fixed length control field ca aa aaaaa
008 - FIXED-LENGTH DATA ELEMENTS--GENERAL INFORMATION
fixed length control field 201103s9999 xx 000 0 und d
040 ## - CATALOGING SOURCE
Transcribing agency ost
041 ## - LANGUAGE CODE
Language code of text/sound track or separate title Myanmar
082 ## - DEWEY DECIMAL CLASSIFICATION NUMBER
Classification number ၂၉၄.၃၈၂၃၂၂
Item number မြင့်
100 ## - MAIN ENTRY--PERSONAL NAME
Personal name မြင့်ဆွေ၊ ဦး၊ မဟာဝိဇ္ဇာ(လန်ဒန်)
245 #0 - TITLE STATEMENT
Title ဓမ္မပဒ /
Statement of responsibility, etc. ဦးမြင့်ဆွေ(မဟာဝိဇ္ဇာလန်ဒန်)။
250 ## - EDITION STATEMENT
Edition statement ဒုတိယအကြိမ်။
260 ## - PUBLICATION, DISTRIBUTION, ETC.
Place of publication, distribution, etc. ရန်ကုန် ၊
Name of publisher, distributor, etc. ကန်တော်ကလေးစာတိုက်၊
Date of publication, distribution, etc. ၁၉၇၈။
300 ## - PHYSICAL DESCRIPTION
Extent ၃၈၅ စာမျက်နှာ ၊
Dimensions ၂၂ စင်တီ။
500 ## - GENERAL NOTE
General note S-SAT: Dr. Prof Sai Aung Tun
942 ## - ADDED ENTRY ELEMENTS (KOHA)
Koha item type Book (Short term)
100 ## - MAIN ENTRY--PERSONAL NAME
9 (RLIN) 7596
Source of classification or shelving scheme
Source of classification or shelving scheme
Holdings
Withdrawn status Lost status Source of classification or shelving scheme Damaged status Not for loan Permanent Location Current Location Shelving location Date acquired Total Checkouts Full call number Barcode Date last seen Price effective from Koha item type Accession
          Shan State Buddhist University Library Shan State Buddhist University Library Special Collection Shelves 15/02/2023   ၂၉၄.၃၈၂၃၂၂ မြင့် ၉၀၇၉ S-SAT MB00009079 15/02/2023 15/02/2023 Book (Short term) ၉၀၇၉ S-SAT

Library - 09407999929
Admin Office - 09407999979
Dean Office - 09250910768
Registrar Office - 09892297154
Email - [email protected]
Shan State Buddhist University, Phaya Phyu Taunggyi, Shan State, Myanmar.